[Event "WTCC-65 2018"]
[Site "Radebeul"]
[Date "2018.07.11"]
[Round "5"]
[White "Vaisser, Anatoly"]
[Black "Vogt, Lothar"]
[Result "1-0"]
[WhiteElo "2502"]
[BlackElo "2376"]
[Annotator "TA"]
[PlyCount "53"]
[EventDate "2018.07.07"]
[EventType "team-tourn"]
[EventCountry "GER"]
[SourceTitle "playchess.com"]
[Source "ChessBase"]
[SourceQuality "1"]

{[%evp 22,53,47,28,27,20,40,8,28,25,36,18,23,19,24,10,101,107,103,108,345,326,504,258,980,983,960,961,29986,29987,29983,1682,29991,29992]} 1. d4 Nf6 2. c4 g6 3. Nc3 Bg7 4. e4 d6 5. f4 O-O 6. Nf3 c5 7. d5 e6 8. Be2 exd5 9. cxd5 Bg4 10. O-O Nbd7 11. Qc2 {A68: Modern Benoni: Four Pawns Attack without 9...Re8} (11. h3 Bxf3 12. Bxf3 Re8 13. g4 h6 14. h4 h5 15. g5 Ng4 16. Bxg4 hxg4 17. Qxg4 Bd4+ 18. Kh2 Bxc3 19. bxc3 Rxe4 20. Bd2 Qe7 21. Rae1 {½-½ (40) Ding,L (2714)-Rapport,R (2693) Biel 2013}) 11... Ne8 12. Bd2 {[%cal Bc1d2,Bd2e1,Be1h4][%mdl 32] LiveBook: 4 Games} Nc7 $146 ({Predecessor:} 12... a6 13. a4 Rb8 14. a5 Nc7 15. h3 Bxf3 16. Rxf3 Re8 17. Raf1 b5 18. axb6 Rxb6 {1-0 (114) Vaisser,A (2515)-L'Ami,A (2369) Douglas 2015}) 13. a4 {White has an edge.} a6 14. Be1 Rb8 15. Bh4 Bf6 16. Bg3 Bxf3 17. Bxf3 b5 18. Rae1 {With the idea e5.} Re8 {[#]} (18... Bd4+ $11 {keeps the balance.} 19. Kh1 Nb6) 19. e5 $1 $16 {[%cal Re5f6][%mdl 512]} dxe5 {[#]} 20. f5 $1 $36 {[%mdl 2048] Threatens to win with d6. Keeping Black busy.} Bg7 $2 (20... Rb6 $16 {was necessary.}) 21. d6 $18 Na8 (21... Kh8 $142 22. dxc7 Qxc7 23. fxg6 fxg6) 22. fxg6 hxg6 $2 (22... fxg6 23. axb5 axb5) 23. Bd5 Nf6 24. Qxg6 Nxd5 25. Qxf7+ Kh8 26. Nxd5 (26. Qh5+ $142 Kg8 27. Nxd5 Qxd6 28. Qf7+ Kh8 29. Rf5 Bh6 30. Rf6 Qf8 31. Qh5) 26... Qxd6 27. Nf6 {Precision: White = 43%, Black = 17%.} 1-0

[Event "WTCC-65 2018"]
[Site "Radebeul"]
[Date "2018.07.11"]
[Round "5"]
[White "Balashov, Yuri S"]
[Black "Mishuchkov, Nikolai M"]
[Result "1-0"]
[WhiteElo "2423"]
[BlackElo "2311"]
[Annotator "NA RC"]
[PlyCount "76"]
[EventDate "2018.07.07"]
[EventType "team-tourn"]
[EventCountry "GER"]
[SourceTitle "playchess.com"]
[Source "ChessBase"]
[SourceQuality "1"]
[TimeControl "40/5400+30:1800+30"]

1. e4 {[%emt 0:00:00]} c5 {[%emt 0:00:00]} 2. Nf3 {[%emt 0:00:00]} e6 {[%emt 0:00:00]} 3. Nc3 {[%emt 0:00:24]} Nc6 {[%emt 0:00:14]} 4. d4 {[%emt 0:01:08]} cxd4 {[%emt 0:00:10]} 5. Nxd4 {[%emt 0:00:07]} a6 {[%emt 0:00:46]} 6. Be3 {[%emt 0:00:24]} Nf6 {[%emt 0:01:43]} 7. Bd3 {[%emt 0:00:47]} Qc7 {[%emt 0:00:48]} 8. O-O {[%emt 0:00:55]} Bd6 {[%emt 0:00:29]} 9. h3 {[%emt 0:01:12]} Bf4 {[%emt 0:02:07]} 10. Bxf4 {[%emt 0:11:41]} Qxf4 {[%emt 0:01:02]} 11. Nxc6 {[%emt 0:00:28]} dxc6 {[%emt 0:04:09]} 12. Qe2 {[%emt 0:02:42]} e5 {[%emt 0:01:03]} 13. a4 {[%emt 0:01:24]} Qg5 {[%emt 0:03:54]} 14. Qf3 {[%emt 0:01:57]} h5 {[%emt 0:04:29]} 15. a5 {[%emt 0:05:01]} Bg4 {[%emt 0:20:41]} 16. Qg3 {[%emt 0:07:12]} h4 {[%emt 0:00:12]} 17. f4 {[%emt 0:00:58]} exf4 {[%emt 0:00:12]} 18. Qxf4 {[%emt 0:00:09]} Qxf4 {[%emt 0:00:07]} 19. Rxf4 {[%emt 0:00:06]} Be6 {[%emt 0:00:10]} 20. e5 {[%emt 0:10:02]} Nd7 {[%emt 0:03:27]} 21. Bf5 {[%emt 0:00:30]} O-O-O {[%emt 0:09:33]} 22. Bxe6 {[%emt 0:03:08]} fxe6 {[%emt 0:00:11]} 23. Raa4 {[%emt 0:05:20]} Nxe5 {[%emt 0:28:12]} 24. Rxh4 {[%emt 0:03:59]} Rxh4 {[%emt 0:02:34]} 25. Rxh4 {[%emt 0:00:09]} Rd2 {[%emt 0:00:17]} 26. Rh8+ {[%emt 0:02:20]} Kc7 {[%emt 0:00:36]} 27. Rh7 {[%emt 0:00:46]} Rd7 {[%emt 0:01:58]} 28. Na4 {[%emt 0:07:45]} Re7 {[%emt 0:00:14]} 29. Nc5 {[%emt 0:03:46]} Kd6 {[%emt 0:00:12]} 30. b4 {[%emt 0:01:02]} Nc4 {[%emt 0:00:59]} 31. h4 {[%emt 0:03:57]} Ne3 {[%emt 0:05:41]} 32. c3 {[%emt 0:01:27]} Nd5 {[%emt 0:00:38]} 33. h5 {[%emt 0:02:01]} Nf6 {[%emt 0:01:26]} 34. Rh8 {[%emt 0:00:05]} Kd5 {[%emt 0:01:46]} 35. h6 {[%emt 0:08:57]} gxh6 {[%emt 0:00:22]} 36. Rxh6 {[%emt 0:00:10]} Ne8 {[%emt 0:01:19]} 37. Rh4 {[%emt 0:00:40]} e5 38. c4+ Kd6 1-0

[Event "WTCC-65 2018"]
[Site "Radebeul"]
[Date "2018.07.11"]
[Round "5"]
[White "Schmidt, Bodo"]
[Black "Boidman, Yuri"]
[Result "0-1"]
[WhiteElo "2344"]
[BlackElo "2358"]
[Annotator "NA"]
[PlyCount "112"]
[EventDate "2018.07.07"]
[EventType "team-tourn"]
[EventCountry "GER"]
[SourceTitle "playchess.com"]
[Source "ChessBase"]
[SourceQuality "1"]
[TimeControl "40/5400+30:1800+30"]

1. d4 {[%emt 0:00:00]} Nf6 {[%emt 0:00:00]} 2. Nf3 {[%emt 0:00:00]} c5 {[%emt 0:00:00]} 3. d5 {[%emt 0:00:34]} e6 {[%emt 0:00:11]} 4. c4 {[%emt 0:00:36]} b5 {[%emt 0:00:17]} 5. Bg5 {[%emt 0:01:15]} exd5 {[%emt 0:08:29]} 6. cxd5 {[%emt 0:00:53]} Qa5+ {[%emt 0:00:52]} 7. Bd2 {[%emt 0:05:40] E10: Blumenfeld Gambit} Qb6 {[%emt 0:02:28]} 8. e4 {[%emt 0:02:25]} d6 {[%emt 0:01:18]} 9. a4 {[%emt 0:06:29]} b4 {[%emt 0:01:09]} 10. Bg5 {[%emt 0:02:51]} Be7 {[%emt 0:01:17]} 11. Nbd2 {[%emt 0:07:36]} h6 $146 {[%emt 0:03:59]} ({Predecessor:} 11... O-O 12. Nc4 Qd8 13. e5 Ne8 14. Bf4 Bb7 {0-1 (62) Song,M (2181)-Sambuev,B (2532) Aurora 2014}) 12. Bb5+ {[%emt 0:12:40]} Nbd7 {[%emt 0:16:37]} 13. Nc4 {[%emt 0:21:41]} Qc7 {[%emt 0:06:17]} 14. Bxf6 {[%emt 0:00:18]} Bxf6 {[%emt 0:02:55]} 15. e5 {[%emt 0:03:37]} dxe5 {[%emt 0:05:24]} 16. O-O {[%emt 0:01:28]} O-O {[%emt 0:03:08]} 17. d6 {[%emt 0:00:00]} Qb7 18. Bxd7 {[%emt 0:00:00]} Bxd7 {[%emt 0:01:16]} 19. Nfxe5 {[%emt 0:04:24]} Be6 20. Rc1 Rfd8 {[%emt 0:04:42]} 21. f4 {[%emt 0:03:31]} Rac8 {[%emt 0:05:23]} 22. Qd3 {[%emt 0:02:49]} Qa6 {[%emt 0:14:27]} 23. b3 {[%emt 0:04:01]} Bxc4 {[%emt 0:00:34]} 24. Nxc4 {[%emt 0:00:29]} Bd4+ {[%emt 0:00:17]} 25. Kh1 {[%emt 0:00:13]} Rxd6 {[%emt 0:00:10]} 26. Rce1 {[%emt 0:01:23]} Re6 {[%emt 0:02:02]} 27. f5 {[%emt 0:00:30]} Rxe1 {[%emt 0:00:30]} 28. Rxe1 {[%emt 0:00:30]} Qc6 {[%emt 0:00:30]} 29. Qe4 {[%emt 0:00:30]} Qxe4 {[%emt 0:00:30]} 30. Rxe4 {[%emt 0:00:30]} Rd8 {[%emt 0:00:30]} 31. g4 {[%emt 0:01:41]} Bf6 {[%emt 0:04:39]} 32. Kg2 {[%emt 0:01:41]} Bg5 {[%emt 0:03:34]} 33. Re5 {[%emt 0:04:18]} Rd3 {[%emt 0:01:32]} 34. Rxc5 {[%emt 0:01:42]} Rxb3 {[%emt 0:01:37]} 35. Rc8+ {[%emt 0:00:20]} Kh7 {[%emt 0:00:01]} 36. Ne5 {[%emt 0:00:56]} Rc3 {[%emt 0:07:36]} 37. Rf8 {[%emt 0:04:59]} Bf6 {[%emt 0:02:33]} 38. Nxf7 {[%emt 0:01:15]} g6 {[%emt 0:01:04]} 39. Nd6 {[%emt 0:01:38]} Bg7 {[%emt 0:01:06]} 40. Rf7 {[%emt 0:00:39]} Kg8 {[%emt 0:00:27]} 41. fxg6 {[%emt 0:09:13]} Rc6 {[%emt 0:04:23]} 42. Rd7 {[%emt 0:00:16]} Bf8 {[%emt 0:02:02]} 43. Ne4 {[%emt 0:05:56]} a6 {[%emt 0:05:51]} 44. h4 {[%emt 0:07:22]} Rxg6 {[%emt 0:00:08]} 45. g5 {[%emt 0:00:04]} hxg5 {[%emt 0:00:55]} 46. hxg5 {[%emt 0:00:06]} Bg7 {[%emt 0:00:28]} 47. Rb7 {[%emt 0:01:12]} a5 {[%emt 0:01:02]} 48. Rb5 {[%emt 0:00:22]} Rc6 {[%emt 0:04:44]} 49. Kf3 {[%emt 0:00:31]} Bd4 {[%emt 0:01:07]} 50. Rd5 {[%emt 0:02:52]} Bg7 {[%emt 0:01:57]} 51. Kf4 {[%emt 0:06:14]} b3 {[%emt 0:01:35]} 52. Rb5 $2 {[%emt 0:03:26]} (52. Rxa5 $15 b2 53. Rb5) 52... b2 {[%emt 0:00:14]} 53. Nf6+ $2 {[%emt 0:01:01]} (53. Rb8+ Kh7 54. Kf5) 53... Bxf6 {[%emt 0:00:19]} 54. gxf6 {[%emt 0:00:03]} Rc4+ {[%emt 0:00:04]} 55. Ke5 {[%emt 0:01:36]} Rb4 {[%emt 0:00:02]} 56. Rxa5 {[%emt 0:00:14]} b1=Q {[%emt 0:00:23]} 0-1

[Event "WTCC-65 2018"]
[Site "Radebeul"]
[Date "2018.07.11"]
[Round "5"]
[White "Renman, Nils-Gustaf"]
[Black "Nevednichy, Boris M"]
[Result "1-0"]
[WhiteElo "2343"]
[BlackElo "2115"]
[Annotator "ChessBase"]
[PlyCount "115"]
[EventDate "2018.07.07"]
[EventType "team-tourn"]
[EventCountry "GER"]
[SourceTitle "playchess.com"]
[Source "ChessBase"]
[SourceQuality "1"]
[TimeControl "40/5400+30:1800+30"]

1. d4 {[%emt 0:00:00]} Nf6 {[%emt 0:00:00]} 2. c4 {[%emt 0:00:00]} e6 {[%emt 0:00:00]} 3. Nf3 {[%emt 0:00:00]} Bb4+ {[%emt 0:00:15]} 4. Bd2 {[%emt 0:00:05]} Be7 {[%emt 0:00:14]} 5. Nc3 {[%emt 0:00:16]} d5 {[%emt 0:01:24]} 6. Qc2 {[%emt 0:03:10]} O-O {[%emt 0:02:14]} 7. e4 {[%emt 0:01:45]} dxe4 {[%emt 0:02:38]} 8. Nxe4 {[%emt 0:03:53]} Nc6 {[%emt 0:02:32]} 9. Bc3 {[%emt 0:03:47]} Nb4 {[%emt 0:09:43]} 10. Nxf6+ {[%emt 0:00:38]} gxf6 {[%emt 0:00:04]} 11. Qd2 {[%emt 0:00:56]} a5 {[%emt 0:02:32]} 12. a3 {[%emt 0:00:49]} c5 {[%emt 0:01:23]} 13. axb4 {[%emt 0:13:53]} cxb4 {[%emt 0:00:06]} 14. Bd3 {[%emt 0:00:05]} bxc3 {[%emt 0:00:56]} 15. bxc3 {[%emt 0:00:08]} f5 {[%emt 0:00:44]} 16. Qh6 {[%emt 0:04:22]} Bf6 {[%emt 0:12:55]} 17. g4 {[%emt 0:01:17]} Bg7 {[%emt 0:02:50]} 18. Qh5 {[%emt 0:00:23]} Qe8 {[%emt 0:08:29]} 19. gxf5 {[%emt 0:05:41]} exf5+ {[%emt 0:00:06]} 20. Kd2 {[%emt 0:00:19]} Ra6 {[%emt 0:04:19]} 21. Rhg1 {[%emt 0:06:27]} Kh8 {[%emt 0:02:44]} 22. Bxf5 {[%emt 0:04:23]} Bxf5 {[%emt 0:03:20]} 23. Qxf5 {[%emt 0:00:10]} Rf6 {[%emt 0:00:48]} 24. Qd3 {[%emt 0:01:48]} Qb8 {[%emt 0:02:01]} 25. Rg4 {[%emt 0:02:29]} Qc8 {[%emt 0:05:41]} 26. Rh4 {[%emt 0:15:11]} Qf5 {[%emt 0:02:17]} 27. Qxf5 {[%emt 0:00:26]} Rxf5 {[%emt 0:00:02]} 28. Rh3 {[%emt 0:00:18]} b6 {[%emt 0:00:25]} 29. Kd3 {[%emt 0:02:53]} Ra8 {[%emt 0:05:57]} 30. Ra2 {[%emt 0:06:21]} Re8 {[%emt 0:04:24]} 31. Re2 {[%emt 0:04:36]} Rxe2 {[%emt 0:00:03]} 32. Kxe2 {[%emt 0:00:05]} a4 {[%emt 0:00:33]} 33. Rg3 {[%emt 0:00:26]} Bf8 {[%emt 0:08:30]} 34. Rg1 {[%emt 0:01:08]} a3 {[%emt 0:00:43]} 35. Ne5 {[%emt 0:04:53]} Bd6 {[%emt 0:00:29]} 36. Nd7 {[%emt 0:00:21]} a2 {[%emt 0:05:08]} 37. Ra1 {[%emt 0:00:50]} Ra5 {[%emt 0:01:53]} 38. h3 {[%emt 0:01:58]} Bc7 {[%emt 0:01:08]} 39. Kd3 {[%emt 0:04:59]} Ra8 {[%emt 0:02:10]} 40. c5 {[%emt 0:00:28]} bxc5 {[%emt 0:00:08]} 41. Nxc5 {[%emt 0:30:13]} Bd6 {[%emt 0:31:39]} 42. Nb3 {[%emt 0:01:38]} Bf4 {[%emt 0:00:16]} 43. c4 {[%emt 0:02:01]} Bg5 {[%emt 0:01:05]} 44. Kc3 {[%emt 0:01:01]} Bh4 {[%emt 0:00:08]} 45. f3 {[%emt 0:00:00]} Re8 {[%emt 0:00:00]} 46. Rxa2 {[%emt 0:00:00]} Re3+ {[%emt 0:00:00]} 47. Kb4 {[%emt 0:00:00]} Be1+ {[%emt 0:00:00]} 48. Ka4 {[%emt 0:00:00]} Rxf3 {[%emt 0:00:00]} 49. Rc2 {[%emt 0:00:00]} f5 {[%emt 0:00:00]} 50. c5 {[%emt 0:00:00]} Bg3 {[%emt 0:00:00]} 51. d5 {[%emt 0:00:00]} Rd3 {[%emt 0:00:00]} 52. Rd2 {[%emt 0:00:00]} Re3 {[%emt 0:00:00]} 53. d6 {[%emt 0:00:00]} Re8 {[%emt 0:00:00]} 54. Nd4 {[%emt 0:00:00]} Be1 {[%emt 0:00:00]} 55. Re2 {[%emt 0:00:00]} Ra8+ {[%emt 0:00:00]} 56. Kb5 {[%emt 0:00:00]} Ra5+ {[%emt 0:00:00]} 57. Kb6 {[%emt 0:00:00]} Ra1 {[%emt 0:00:00]} 58. Rxe1 {[%emt 0:00:00]} 1-0

[Event "WTCC-65 2018"]
[Site "Radebeul"]
[Date "2018.07.11"]
[Round "5"]
[White "Karasev, Vladimir I"]
[Black "Rashkovsky, Nukhim N"]
[Result "1/2-1/2"]
[WhiteElo "2337"]
[BlackElo "2483"]
[Annotator "ChessBase"]
[PlyCount "36"]
[EventDate "2018.07.07"]
[EventType "team-tourn"]
[EventCountry "GER"]
[SourceTitle "playchess.com"]
[Source "ChessBase"]
[SourceQuality "1"]
[TimeControl "40/5400+30:1800+30"]

1. e4 {[%emt 0:00:13]} c5 {[%emt 0:00:00]} 2. Nf3 {[%emt 0:00:04]} d6 {[%emt 0:00:00]} 3. Bb5+ {[%emt 0:00:34]} Bd7 {[%emt 0:01:14]} 4. Bxd7+ {[%emt 0:00:07]} Nxd7 {[%emt 0:00:04]} 5. c4 {[%emt 0:01:25]} Ne5 {[%emt 0:00:17]} 6. Nxe5 {[%emt 0:01:43]} dxe5 {[%emt 0:00:02]} 7. Qa4+ {[%emt 0:00:11]} Qd7 {[%emt 0:00:05]} 8. Qxd7+ {[%emt 0:00:07]} Kxd7 {[%emt 0:00:01]} 9. Nc3 {[%emt 0:00:19]} e6 {[%emt 0:00:15]} 10. d3 {[%emt 0:00:23]} Ne7 {[%emt 0:03:09]} 11. O-O {[%emt 0:03:09]} Nc6 {[%emt 0:07:04]} 12. f4 {[%emt 0:00:54]} Bd6 {[%emt 0:00:17]} 13. f5 {[%emt 0:01:07]} Be7 {[%emt 0:08:45]} 14. fxe6+ {[%emt 0:01:07]} fxe6 {[%emt 0:01:22]} 15. Rf7 {[%emt 0:03:15]} Rhg8 {[%emt 0:00:51]} 16. Be3 {[%emt 0:02:59]} Ke8 {[%emt 0:00:59]} 17. Rf3 {[%emt 0:17:23]} Rd8 {[%emt 0:00:15]} 18. Rd1 {[%emt 0:01:05]} h5 1/2-1/2

[Event "WTCC-65 2018"]
[Site "Radebeul"]
[Date "2018.07.11"]
[Round "5"]
[White "Bellin, Robert"]
[Black "Espig, Lutz"]
[Result "1-0"]
[WhiteElo "2333"]
[BlackElo "2258"]
[Annotator "NA"]
[PlyCount "99"]
[EventDate "2018.07.07"]
[EventType "team-tourn"]
[EventCountry "GER"]
[SourceTitle "playchess.com"]
[Source "ChessBase"]
[SourceQuality "1"]
[TimeControl "40/5400+30:1800+30"]

1. e4 {[%emt 0:00:41]} c5 {[%emt 0:00:00]} 2. Nf3 {[%emt 0:00:09]} e6 {[%emt 0:00:00]} 3. b3 {[%emt 0:00:50]} d6 {[%emt 0:00:33]} 4. Bb2 {[%emt 0:00:13]} Nc6 {[%emt 0:03:16]} 5. Bb5 {[%emt 0:01:20]} Bd7 {[%emt 0:00:38]} 6. O-O {[%emt 0:00:25]} Nf6 {[%emt 0:00:55]} 7. Re1 {[%emt 0:00:48]} Be7 {[%emt 0:00:44]} 8. Bf1 {[%emt 0:07:27] B50: Sicilian: 2...d6, Miscellaneous} (8. c4 O-O 9. Bxc6 Bxc6 10. Nc3 e5 11. d3 g6 12. Nd2 Nh5 13. Nd5 Bg5 14. Nf1 Bxd5 15. cxd5 f5 {1-0 (42) Kulaots,K (2563)-Neiksans,A (2559) Wroclaw 2014}) 8... O-O {[%emt 0:01:06]} 9. d3 {[%emt 0:00:28]} e5 $146 {[%emt 0:13:44]} ({Predecessor:} 9... b5 10. Nbd2 Qb6 11. c4 b4 12. h3 a5 13. g4 a4 14. Rb1 axb3 15. axb3 e5 {1-0 (57) Vojta,T (2369)-Rehorek,M (2280) Czechia 2011}) 10. c3 {[%emt 0:01:16]} Re8 {[%emt 0:06:27]} 11. Nbd2 {[%emt 0:04:00]} Bf8 {[%emt 0:02:40]} 12. a3 {[%emt 0:08:18]} d5 {[%emt 0:13:38]} 13. exd5 {[%emt 0:12:20]} Nxd5 {[%emt 0:01:10]} 14. g3 {[%emt 0:00:07]} Nc7 {[%emt 0:05:55]} 15. Nc4 {[%emt 0:11:44]} f6 {[%emt 0:00:57]} 16. b4 {[%emt 0:06:28]} Be6 {[%emt 0:01:53]} 17. Ne3 {[%emt 0:00:42]} Qd7 {[%emt 0:03:33]} 18. Qc2 {[%emt 0:04:42]} Rac8 {[%emt 0:04:52]} 19. Rad1 {[%emt 0:04:31]} Qf7 {[%emt 0:01:54]} 20. Qb1 {[%emt 0:04:14]} Nd5 {[%emt 0:02:56]} 21. b5 {[%emt 0:02:39]} Na5 {[%emt 0:02:51]} 22. c4 {[%emt 0:01:59]} Nxe3 {[%emt 0:01:32]} 23. Rxe3 {[%emt 0:00:05]} b6 {[%emt 0:02:15]} 24. Bg2 {[%emt 0:06:41]} h6 {[%emt 0:08:30]} 25. Rde1 {[%emt 0:00:25]} Kh8 {[%emt 0:03:00]} 26. Nd2 {[%emt 0:03:18]} Rcd8 {[%emt 0:04:40]} 27. Bc3 {[%emt 0:02:12]} Bf5 {[%emt 0:02:48]} 28. Bxa5 {[%emt 0:02:42]} bxa5 {[%emt 0:00:02]} 29. Nb3 {[%emt 0:00:05]} a4 {[%emt 0:01:16]} 30. Na5 {[%emt 0:00:12]} Rd6 {[%emt 0:02:48]} 31. Qc2 {[%emt 0:07:45]} Qg6 {[%emt 0:01:57]} 32. Be4 {[%emt 0:01:28]} Bxe4 {[%emt 0:01:49]} 33. dxe4 {[%emt 0:02:40]} Be7 {[%emt 0:02:24]} 34. Nc6 {[%emt 0:01:11]} Bd8 {[%emt 0:00:58]} 35. Rd1 {[%emt 0:01:25]} Rd4 {[%emt 0:00:58]} 36. Nxd4 {[%emt 0:00:30]} exd4 {[%emt 0:00:22]} 37. Re2 {[%emt 0:00:14]} Bb6 {[%emt 0:00:32]} 38. Qd3 {[%emt 0:00:55]} Qg4 {[%emt 0:00:33]} 39. f3 {[%emt 0:01:44]} Qh3 {[%emt 0:00:28]} 40. Rf2 {[%emt 0:00:29]} f5 {[%emt 0:01:17]} 41. Re2 {[%emt 0:03:50]} fxe4 {[%emt 0:01:20]} 42. Rxe4 {[%emt 0:00:13]} Rf8 {[%emt 0:00:18]} 43. Rg4 {[%emt 0:04:07]} Qh5 {[%emt 0:03:32]} 44. Re1 {[%emt 0:00:52]} Bd8 {[%emt 0:00:44]} 45. h4 {[%emt 0:04:48]} Bf6 {[%emt 0:03:06]} 46. Kg2 {[%emt 0:00:42]} Qf7 {[%emt 0:00:45]} 47. Rge4 {[%emt 0:00:28]} Qd7 {[%emt 0:00:38]} 48. Rf4 {[%emt 0:00:53]} Rd8 {[%emt 0:01:05]} 49. Rf5 {[%emt 0:00:58]} Qc7 {[%emt 0:00:45]} 50. Re6 $18 {[%emt 0:01:24]} 1-0

[Event "WTCC-65 2018"]
[Site "Radebeul"]
[Date "2018.07.11"]
[Round "5"]
[White "Rotstein, Jefim"]
[Black "Hort, Vlastimil"]
[Result "0-1"]
[WhiteElo "2318"]
[BlackElo "2421"]
[Annotator "NA"]
[PlyCount "104"]
[EventDate "2018.07.07"]
[EventType "team-tourn"]
[EventCountry "GER"]
[SourceTitle "playchess.com"]
[Source "ChessBase"]
[SourceQuality "1"]
[TimeControl "40/5400+30:1800+30"]

1. d4 {[%emt 0:00:00]} d5 {[%emt 0:00:00]} 2. Nf3 {[%emt 0:00:00]} Nf6 {[%emt 0:00:00]} 3. e3 {[%emt 0:00:16]} c6 {[%emt 0:02:23]} 4. c4 {[%emt 0:00:41]} g6 {[%emt 0:01:05]} 5. Nc3 {[%emt 0:00:32]} Bg7 {[%emt 0:00:08]} 6. cxd5 {[%emt 0:03:46]} cxd5 {[%emt 0:00:51]} 7. Bd3 {[%emt 0:00:11]} O-O {[%emt 0:01:41]} 8. O-O {[%emt 0:00:11]} Nc6 {[%emt 0:02:26]} 9. Bd2 {[%emt 0:01:19]} b6 {[%emt 0:05:06]} 10. Rc1 {[%emt 0:03:27]} Bb7 {[%emt 0:00:37]} 11. a3 {[%emt 0:02:09]} e6 {[%emt 0:10:14]} 12. b4 {[%emt 0:01:45]} Qe7 {[%emt 0:01:48]} 13. b5 {[%emt 0:04:51]} Na5 {[%emt 0:10:27]} 14. Na4 {[%emt 0:02:44]} Rfc8 {[%emt 0:06:41]} 15. Bxa5 {[%emt 0:05:57]} bxa5 {[%emt 0:00:08]} 16. Nc5 {[%emt 0:00:29]} Ne4 {[%emt 0:03:57]} 17. Nxb7 {[%emt 0:05:42]} Rxc1 {[%emt 0:25:29]} 18. Qxc1 {[%emt 0:00:10]} Qxb7 {[%emt 0:00:04]} 19. Qc6 {[%emt 0:04:12]} Rb8 {[%emt 0:00:31]} 20. Rc1 {[%emt 0:02:01]} Bf8 {[%emt 0:04:49]} 21. a4 {[%emt 0:01:27]} Nd6 {[%emt 0:03:22]} 22. Qxb7 {[%emt 0:01:39]} Nxb7 {[%emt 0:01:45]} 23. Ne5 {[%emt 0:01:46]} Bd6 {[%emt 0:01:51]} 24. Rc6 {[%emt 0:07:02]} Rd8 {[%emt 0:03:47]} 25. f4 {[%emt 0:02:03]} f6 {[%emt 0:01:01]} 26. Nf3 {[%emt 0:01:18]} Rd7 {[%emt 0:11:00]} 27. Ra6 {[%emt 0:07:29]} Nd8 {[%emt 0:00:14]} 28. Rxa5 {[%emt 0:01:12]} Kf7 {[%emt 0:00:08]} 29. Ra6 {[%emt 0:00:42]} Ke7 {[%emt 0:00:15]} 30. a5 {[%emt 0:04:06]} Bb8 {[%emt 0:00:55]} 31. b6 {[%emt 0:03:44]} Rb7 {[%emt 0:01:05]} 32. Bb5 {[%emt 0:01:06]} axb6 {[%emt 0:00:49]} 33. axb6 {[%emt 0:01:40]} Bd6 {[%emt 0:00:42]} 34. Nd2 {[%emt 0:01:39]} e5 {[%emt 0:00:27]} 35. fxe5 {[%emt 0:00:24]} fxe5 {[%emt 0:00:03]} 36. Nb3 {[%emt 0:00:17]} exd4 {[%emt 0:00:29]} 37. exd4 {[%emt 0:01:35]} Rb8 {[%emt 0:00:21]} 38. Nc5 {[%emt 0:03:19]} Rc8 {[%emt 0:00:01]} 39. Ra7+ {[%emt 0:00:41]} Kf6 {[%emt 0:00:27]} 40. b7 {[%emt 0:02:24]} Rxc5 {[%emt 0:00:09]} 41. Ra6 {[%emt 0:32:06]} Rxb5 {[%emt 0:31:29]} 42. Rxd6+ {[%emt 0:00:07]} Ke7 {[%emt 0:00:07]} 43. Rxd5 {[%emt 0:00:18]} Rxb7 {[%emt 0:00:07]} 44. Kf2 {[%emt 0:03:07]} Rb2+ {[%emt 0:00:00]} 45. Kg3 {[%emt 0:00:00]} Rd2 {[%emt 0:00:00]} 46. h4 {[%emt 0:00:00]} Ne6 {[%emt 0:00:00]} 47. h5 {[%emt 0:00:00]} Rxg2+ {[%emt 0:00:00]} 48. Kf3 {[%emt 0:00:00]} Rg5 {[%emt 0:00:00]} 49. Rxg5 {[%emt 0:00:00]} Nxg5+ {[%emt 0:00:00]} 50. Kg4 {[%emt 0:00:00]} Nf7 {[%emt 0:00:00]} 51. hxg6 {[%emt 0:00:00]} hxg6 {[%emt 0:00:00]} 52. Kf4 {[%emt 0:00:00]} Kf6 {[%emt 0:00:00]} 0-1